High altitude physiology and medicine /

Bibliographic Details
Other Authors: Brendel, Walter, Zink, Roman A.
Format: Book
Language:English
Published: New York : Springer-Verlag, [1982]
Series:Topics in environmental physiology and medicine.
Subjects:

MARC

Tag First Indicator Second Indicator Subfields
LEADER 00000pam a2200000 a 4500
001 in00000086220
005 20151008062615.0
008 801218s1982 nyua b 00100 engm
010 |a  80028376  
020 |a 0387904824 
035 |a (OCoLC)07172799 
035 |9 AAK0576AM 
040 |a DLC  |c DLC  |d m.c.  |d TXA  |d UtOrBLW 
049 |a TXAM  |c [1673419] 
050 0 0 |a QP82.2 A4  |b  H53 1982 
060 0 |a WD 710 H638 
082 0 |a 612/.0144  |2 19 
245 0 0 |a High altitude physiology and medicine /  |c edited by Walter Brendel, Roman A. Zink. 
264 1 |a New York :  |b Springer-Verlag,  |c [1982] 
264 4 |c ©1982 
300 |a xx, 316 pages :  |b illustrations ;  |c 27 cm. 
336 |a text  |b txt  |2 rdacontent 
337 |a unmediated  |b n  |2 rdamedia 
338 |a volume  |b nc  |2 rdacarrier 
490 1 |a Topics in environmental physiology and medicine 
504 |a Includes bibliographies and index. 
650 0 |a Altitude, Influence of. 
650 0 |a Oxygen in the body. 
650 0 |a Acclimatization. 
650 2 |a Acclimatization. 
650 2 |a Adaptation, Physiological. 
650 2 |a Altitude. 
700 1 |a Brendel, Walter. 
700 1 |a Zink, Roman A. 
830 0 |a Topics in environmental physiology and medicine. 
999 |a MARS 
999 f f |s 9a0f9ec9-64ca-321b-853e-051bd8c54af8  |i 35287fad-edaa-315f-b199-893115baa04e  |t 0 
952 f f |p ric  |a Texas A&M University  |b Rellis Campus  |c Joint Library Facility  |d Remote Storage  |t 0  |e QP82.2 A4 H53 1982  |h Library of Congress classification  |i unmediated -- volume  |m A14805958132 
998 f f |a QP82.2 A4 H53 1982  |t 0  |l Remote Storage